[Event "III Festival A"]
[Site "Cesenatico ITA"]
[Date "1998.09.04"]
[Round "7"]
[White "Gagliardi, Pietro"]
[Black "Lazzarato, Alberto"]
[Result "1/2-1/2"]
[WhiteElo "2205"]
[BlackElo "2048"]
[PlyCount "67"]
[EventDate "1998.08.30"]

1.e4 e5 2.Nf3 Nc6 3.Bb5 a6 4.Ba4 Nf6 5.O-O Be7 6.Re1 b5 7.Bb3 Bb7 8.c3 d5 
9.exd5 Nxd5 10.d4 exd4 11.cxd4 O-O 12.Nc3 Nxc3 13.bxc3 Na5 14.Bc2 c5 15.
Qd3 g6 16.Bh6 Re8 17.Ne5 cxd4 18.cxd4 Rc8 19.a4 Qd5 20.f3 b4 21.Rad1 b3 
22.Bb1 Bb4 23.Ng4 Rxe1+ 24.Rxe1 Qc6 25.Rd1 f5 26.Ne5 Qc3 27.Qe2 Re8 28.Be3
Nc6 29.f4 Rd8 30.Nf3 Re8 31.Ne5 Rd8 32.Nf3 Re8 33.Ne5 Rd8 34.Nf3 1/2-1/2

[Event "III Festival A"]
[Site "Cesenatico ITA"]
[Date "1998.09.04"]
[Round "7"]
[White "Giovanardi, Rino"]
[Black "Lagrotteria, Salvatore"]
[Result "0-1"]
[WhiteElo "2010"]
[BlackElo "2180"]
[PlyCount "82"]
[EventDate "1998.08.30"]

1.e4 c5 2.Nf3 Nc6 3.d4 cxd4 4.Nxd4 Nf6 5.Nc3 d6 6.Be2 e6 7.Be3 Be7 8.O-O 
a6 9.a4 Qc7 10.f4 O-O 11.Kh1 Re8 12.Bf3 Rb8 13.g4 Bf8 14.g5 Nd7 15.Bg2 
Nxd4 16.Bxd4 b5 17.axb5 axb5 18.Ra7 Qd8 19.Be3 b4 20.Ne2 d5 21.Nd4 Bb7 22.
e5 Bc5 23.Ra1 Qb6 24.Rf3 Ra8 25.Rc1 Ra2 26.Rh3 g6 27.Qg1 Rea8 28.b3 Qa5 
29.Rf3 Rc8 30.Qf2 Ra1 31.Qd2 Rxc1+ 32.Qxc1 Bxd4 33.Bxd4 Nc5 34.Bf1 Qa2 35.
Qd1 Ne4 36.Bd3 Ba6 37.c4 bxc3 38.Bxe4 dxe4 39.Rxc3 Rd8 40.Qg1 e3 41.Qxe3 
Bb7+ 0-1

[Event "III Festival A"]
[Site "Cesenatico ITA"]
[Date "1998.09.04"]
[Round "7"]
[White "Kluss, Kai"]
[Black "Maio, Matteo"]
[Result "1-0"]
[WhiteElo "2170"]
[BlackElo "1882"]
[PlyCount "125"]
[EventDate "1998.08.30"]

1.d4 Nf6 2.c4 g6 3.Nc3 Bg7 4.e4 d6 5.f4 c5 6.d5 O-O 7.Nf3 b5 8.cxb5 a6 9.
a4 e6 10.Be2 axb5 11.Bxb5 exd5 12.exd5 Ba6 13.Bxa6 Nxa6 14.O-O Nb4 15.f5 
Qb6 16.Kh1 c4 17.Qd4 Qa6 18.Qh4 Nfxd5 19.Bh6 Bf6 20.Bg5 Bxc3 21.bxc3 f6 
22.Bh6 Nc2 23.Qe4 Nde3 24.Bxe3 Nxa1 25.Rxa1 Rfe8 26.Qd5+ Kg7 27.Bd4 Qa5 
28.Qxa5 Rxa5 29.fxg6 hxg6 30.Bb6 Ra6 31.a5 Re2 32.Nd4 Rb2 33.Re1 Ra8 34.
Kg1 Kf7 35.Nc6 Rb3 36.Bd4 Ra6 37.Re7+ Kf8 38.Rc7 Rb5 39.Rc8+ Kf7 40.Bb6 d5
41.Kf2 Rbxb6 42.axb6 Rxb6 43.Nb4 d4 44.Rxc4 dxc3 45.Nc2 Rb3 46.Ke3 f5 47.
Kf4 Rb6 48.Rxc3 Kf6 49.h4 Re6 50.Rc4 Re2 51.Rc6+ Kf7 52.Ne3 Rf2+ 53.Kg3 
Rd2 54.Kf3 Rd4 55.g3 Rd2 56.Kf4 Rf2+ 57.Ke5 Rg2 58.Rc7+ Kg8 59.Nd5 Rxg3 
60.Ne7+ Kf8 61.Kf6 Ke8 62.Nxg6 Rf3 63.Ne5 1-0

[Event "III Festival A"]
[Site "Cesenatico ITA"]
[Date "1998.09.04"]
[Round "7"]
[White "Mastroddi, Fabio"]
[Black "Bonacci, Mauro"]
[Result "1-0"]
[WhiteElo "1915"]
[BlackElo "2215"]
[PlyCount "93"]
[EventDate "1998.08.30"]

1.d4 Nf6 2.Nc3 d5 3.e4 e6 4.Bg5 Be7 5.e5 Nfd7 6.h4 a6 7.Qg4 Bxg5 8.hxg5 g6
9.O-O-O c5 10.f4 cxd4 11.Rxd4 Nc6 12.Rd3 Qa5 13.Nf3 Nb4 14.Re3 Qc5 15.Re2 
b5 16.Qg3 Bb7 17.Qf2 Qxf2 18.Rxf2 Rc8 19.Nd4 Nc6 20.Nce2 Nc5 21.Nxc6 Bxc6 
22.Nd4 Ne4 23.Rf3 Bd7 24.Bd3 Nc5 25.Kd2 Kf8 26.Rfh3 Kg7 27.Nf3 Bc6 28.Rh6 
Ne4+ 29.Ke3 Bb7 30.c3 Nc5 31.Bc2 Nd7 32.Kd2 a5 33.a3 Rc4 34.R1h4 Rcc8 35.
Nh2 b4 36.Ng4 bxa3 37.bxa3 Nb6 38.Bb3 a4 39.Ba2 Ba6 40.Nf6 Kf8 41.Rxh7 
Rxh7 42.Rxh7 Ke7 43.Bb1 Nc4+ 44.Ke1 Nxa3 45.Bxg6 Rf8 46.Bxf7 Nc4 47.Be8+ 
1-0

[Event "III Festival A"]
[Site "Cesenatico ITA"]
[Date "1998.09.04"]
[Round "7"]
[White "Naumkin, Igor"]
[Black "Pozzi, Enrico"]
[Result "1-0"]
[WhiteElo "2475"]
[BlackElo "2245"]
[PlyCount "54"]
[EventDate "1998.08.30"]

1.d4 Nf6 2.Nf3 d6 3.c4 c6 4.Nc3 Bg4 5.e4 Nbd7 6.Be2 e5 7.O-O Be7 8.Be3 O-O
9.d5 Bxf3 10.Bxf3 c5 11.a3 Ne8 12.Qd2 g6 13.Be2 f5 14.exf5 gxf5 15.f4 Ng7 
16.fxe5 dxe5 17.g4 f4 18.Bf2 f3 19.Bd3 Bg5 20.Be3 Bf4 21.Rxf3 Qh4 22.Bxf4 
Qxg4+ 23.Rg3 Qxf4 24.Qg2 Rf7 25.Ne4 Qh4 26.Kh1 Raf8 27.Rg1 Qh6 1-0

[Event "III Festival A"]
[Site "Cesenatico ITA"]
[Date "1998.09.04"]
[Round "7"]
[White "Vicari, Luigi"]
[Black "Trumpf, Walter"]
[Result "1-0"]
[WhiteElo "2090"]
[BlackElo "2150"]
[PlyCount "68"]
[EventDate "1998.08.30"]

1.e4 g6 2.Nc3 Bg7 3.Nf3 d6 4.d4 Nf6 5.Be2 O-O 6.O-O Nbd7 7.Bg5 c5 8.h3 a6 
9.e5 cxd4 10.exf6 exf6 11.Qxd4 fxg5 12.Qxd6 Qa5 13.Nd5 Nf6 14.Nxf6+ Kh8 
15.b4 Qf5 16.Ng4 Qxc2 17.Bd3 Qa4 18.Rad1 Bxg4 19.hxg4 Rfd8 20.Qc5 Rac8 21.
Qxg5 Qxb4 22.Qd2 Qxg4 23.Qa5 Rf8 24.Qb6 Rb8 25.Bc2 h5 26.Rfe1 Qc4 27.Bb3 
Qc3 28.Rc1 Qb2 29.Rc2 Qa3 30.Ne5 Kh7 31.Nc4 Rfe8 32.Rxe8 Rxe8 33.Nxa3 Re1+
34.Kh2 Be5+ 1-0

[Event "III Festival A"]
[Site "Cesenatico ITA"]
[Date "1998.09.05"]
[Round "8"]
[White "Bonacci, Mauro"]
[Black "Gori, Andrea"]
[Result "0-1"]
[WhiteElo "2215"]
[BlackElo "2205"]
[PlyCount "82"]
[EventDate "1998.08.30"]

1.e4 e5 2.Nf3 Nc6 3.Bb5 a6 4.Ba4 Nf6 5.O-O Be7 6.Qe2 b5 7.Bb3 d6 8.c3 Bg4 
9.Rd1 Na5 10.Bc2 c5 11.d3 O-O 12.Nbd2 Qc7 13.h3 Be6 14.Nf1 Nc6 15.Bg5 Rfb8
16.Ne3 Kh8 17.Nh4 b4 18.Nhf5 Bd8 19.Ba4 Na5 20.Qf3 bxc3 21.bxc3 Rb2 22.h4 
Ng8 23.Nd5 Bxd5 24.exd5 Bxg5 25.hxg5 Qd8 26.Qg4 Rab8 27.g3 g6 28.Nh4 f5 
29.gxf6 Qxf6 30.Qf3 Qxf3 31.Nxf3 Nf6 32.Rd2 Nxd5 33.Rc1 Kg7 34.Bb3 Rxd2 
35.Nxd2 Nxb3 36.axb3 Kf6 37.Ne4+ Ke7 38.Rb1 h6 39.Kf1 a5 40.Ra1 Rxb3 41.
Rxa5 Nxc3 0-1

[Event "III Festival A"]
[Site "Cesenatico ITA"]
[Date "1998.09.05"]
[Round "8"]
[White "Cesarini, Lanfranco"]
[Black "Maio, Matteo"]
[Result "1/2-1/2"]
[WhiteElo "1903"]
[BlackElo "1882"]
[PlyCount "56"]
[EventDate "1998.08.30"]

1.e4 c5 2.c3 Nf6 3.e5 Nd5 4.d4 cxd4 5.cxd4 e6 6.Nf3 Bb4+ 7.Bd2 Qb6 8.a3 
Bxd2+ 9.Qxd2 d6 10.Nc3 Nxc3 11.Qxc3 O-O 12.Bd3 h6 13.O-O Bd7 14.Rac1 dxe5 
15.Nxe5 Bb5 16.Qc5 Qxc5 17.dxc5 Bxd3 18.Nxd3 Nc6 19.b4 Rfd8 20.Rfd1 a5 21.
b5 Nd4 22.Kf1 Nxb5 23.a4 Nd4 24.Rb1 Rd7 25.Ne5 Rd5 26.Rxb7 Rxe5 27.Rxd4 
Rxc5 28.Rdd7 Rf5 1/2-1/2

[Event "III Festival A"]
[Site "Cesenatico ITA"]
[Date "1998.09.05"]
[Round "8"]
[White "Drazic, Sinisa"]
[Black "Naumkin, Igor"]
[Result "1-0"]
[WhiteElo "2495"]
[BlackElo "2475"]
[PlyCount "85"]
[EventDate "1998.08.30"]

1.d4 e6 2.g3 f5 3.Bg2 Nf6 4.Nh3 Be7 5.O-O O-O 6.Nf4 d6 7.Nc3 d5 8.b3 c5 9.
e3 Nc6 10.dxc5 Bxc5 11.Bb2 Qe7 12.Na4 Bd6 13.Qe2 Bd7 14.Rfd1 Rac8 15.c4 
dxc4 16.Qd2 Ne8 17.Nc5 Bxc5 18.Qxd7 Qxd7 19.Rxd7 Rf7 20.Rad1 Rxd7 21.Rxd7 
Rc7 22.Bxc6 bxc6 23.Rd8 Re7 24.bxc4 Bd6 25.Rc8 e5 26.Nd3 e4 27.Nf4 g5 28.
Bf6 Rc7 29.Rxe8+ Kf7 30.Rd8 Bxf4 31.gxf4 Kxf6 32.Rd6+ Ke7 33.Rh6 gxf4 34.
Rxh7+ Kd8 35.Rh8+ Kd7 36.Rh7+ Kc8 37.Rxc7+ Kxc7 38.exf4 Kd6 39.Kg2 Ke6 40.
c5 Kd5 41.h4 Ke6 42.f3 exf3+ 43.Kxf3 1-0

[Event "III Festival A"]
[Site "Cesenatico ITA"]
[Date "1998.09.05"]
[Round "8"]
[White "Giovanardi, Rino"]
[Black "Vicari, Luigi"]
[Result "1-0"]
[WhiteElo "2010"]
[BlackElo "2090"]
[PlyCount "117"]
[EventDate "1998.08.30"]

1.e4 e5 2.Nf3 d6 3.d4 exd4 4.Nxd4 Nf6 5.Bd3 Be7 6.O-O O-O 7.Nc3 Nbd7 8.b3 
Nc5 9.Bb2 Re8 10.Qd2 Nxd3 11.cxd3 c5 12.Nc2 a6 13.Ne3 Be6 14.Rad1 Qc7 15.
d4 Rad8 16.f4 b5 17.f5 Bc8 18.Ned5 Qb7 19.dxc5 dxc5 20.Qf4 b4 21.Nxe7+ 
Qxe7 22.Nd5 Nxd5 23.exd5 Qe3+ 24.Qxe3 Rxe3 25.f6 gxf6 26.Bxf6 Rd6 27.Rd2 
Bb7 28.Rf5 h6 29.Bh4 Bc8 30.Rf1 Re4 31.Bg3 Rd8 32.Rc1 Rd4 33.Rxd4 cxd4 34.
d6 Bf5 35.Rc4 d3 36.Rxb4 Rc8 37.Rd4 Kf8 38.Bf4 h5 39.Bg5 Ke8 40.Rd5 Rc2 
41.a4 f6 42.Bf4 Rxg2+ 43.Kf1 Rb2 44.Rxf5 Rxb3 45.Ke1 Rb4 46.a5 Ra4 47.Kd2 
Ra3 48.Rxh5 Ra4 49.Bg3 Rd4 50.Rh8+ Kd7 51.Ra8 f5 52.Rxa6 f4 53.Bf2 Rd5 54.
Ra8 Rh5 55.Kxd3 Kxd6 56.a6 Rh3+ 57.Ke4 Rh4 58.Kf3 Rh3+ 59.Kxf4 1-0

[Event "III Festival A"]
[Site "Cesenatico ITA"]
[Date "1998.09.05"]
[Round "8"]
[White "Lagrotteria, Salvatore"]
[Black "Mastroddi, Fabio"]
[Result "1/2-1/2"]
[WhiteElo "2180"]
[BlackElo "1915"]
[PlyCount "131"]
[EventDate "1998.08.30"]

1.Nf3 Nf6 2.d4 e6 3.c4 c5 4.Nc3 d5 5.cxd5 Nxd5 6.e4 Nxc3 7.bxc3 g6 8.Be2 
Bg7 9.O-O cxd4 10.cxd4 O-O 11.Be3 b6 12.e5 Nc6 13.Ng5 Ne7 14.Ne4 h6 15.Nd6
Nf5 16.Nxf5 exf5 17.f4 Be6 18.Qa4 f6 19.Rfd1 fxe5 20.dxe5 Qe7 21.Rd6 Kh7 
22.Rad1 Rac8 23.Bb5 Rc7 24.Bd7 Bf7 25.Bc6 Be6 26.Bd2 Qf7 27.Bb4 Rfc8 28.
Bd5 Bxd5 29.R6xd5 Rc1 30.Qb3 Qc7 31.Qd3 Qc4 32.Qxc4 Rxd1+ 33.Rxd1 Rxc4 34.
Bd6 Rxf4 35.Bb8 Re4 36.Rd5 a6 37.Kf2 Kg8 38.Kf3 b5 39.h3 g5 40.g4 Rf4+ 41.
Kg3 fxg4 42.hxg4 Bf8 43.Rd7 Bb4 44.Rd1 Kf8 45.a4 Bc3 46.axb5 axb5 47.Rd7 
Ke8 48.Rb7 b4 49.Bd6 Be1+ 50.Kh3 Re4 51.e6 Rxe6 52.Bxb4 Bxb4 53.Rxb4 Re3+ 
54.Kg2 Kf7 55.Rb6 Re6 56.Rb7+ Kf6 57.Kf3 Kg6 58.Ra7 h5 59.gxh5+ Kxh5 60.
Ra4 Rb6 61.Kg3 Rb3+ 62.Kg2 g4 63.Rc4 Kh4 64.Rc2 Rg3+ 65.Kh2 Rh3+ 66.Kg2 
1/2-1/2

[Event "III Festival A"]
[Site "Cesenatico ITA"]
[Date "1998.09.05"]
[Round "8"]
[White "Lava, Giovanni"]
[Black "Delanoy, Arnaud"]
[Result "1/2-1/2"]
[WhiteElo "2220"]
[BlackElo "2105"]
[PlyCount "58"]
[EventDate "1998.08.30"]

1.d4 d5 2.Nf3 Nf6 3.g3 c5 4.Bg2 e6 5.O-O Nc6 6.c4 dxc4 7.Qa4 Bd7 8.Qxc4 
cxd4 9.Nxd4 Rc8 10.Nc3 Nxd4 11.Qxd4 Bc5 12.Qh4 Bc6 13.Bg5 Qd4 14.e4 O-O 
15.Kh1 Nd7 16.Rac1 f5 17.exf5 Bxg2+ 18.Kxg2 Qxh4 19.Bxh4 exf5 20.Rfd1 Nb6 
21.Nd5 Nxd5 22.Rxd5 Bb6 23.Rxc8 Rxc8 24.Rxf5 Rc2 25.Be7 g6 26.Rf8+ Kg7 27.
Rf4 Be3 28.Bf6+ Kf7 29.Rf3 Rxf2+ 1/2-1/2

[Event "III Festival A"]
[Site "Cesenatico ITA"]
[Date "1998.09.05"]
[Round "8"]
[White "Lazzarato, Alberto"]
[Black "Kluss, Kai"]
[Result "0-1"]
[WhiteElo "2048"]
[BlackElo "2170"]
[PlyCount "62"]
[EventDate "1998.08.30"]

1.e4 c5 2.Nf3 Nc6 3.d4 cxd4 4.Nxd4 Nf6 5.Nc3 d6 6.h3 e5 7.Nf3 Be7 8.Bc4 
Be6 9.Bxe6 fxe6 10.Bg5 O-O 11.Qd2 Rc8 12.O-O-O Na5 13.Bxf6 Rxf6 14.Qe1 Qb6
15.Rd3 Rff8 16.Nd1 Nc4 17.Qe2 Qa5 18.Kb1 b5 19.Nd2 Qc7 20.Nxc4 bxc4 21.Rg3
Bf6 22.Qg4 Qf7 23.Ne3 d5 24.Qe2 c3 25.b3 d4 26.Nc4 Qe7 27.Kc1 a5 28.a4 
Rxc4 29.Qxc4 Qa3+ 30.Kd1 Qa1+ 31.Ke2 Qxh1 0-1

[Event "III Festival A"]
[Site "Cesenatico ITA"]
[Date "1998.09.05"]
[Round "8"]
[White "Ortega, Lexy"]
[Black "Rotstein, Arkadij"]
[Result "1/2-1/2"]
[WhiteElo "2490"]
[BlackElo "2515"]
[PlyCount "24"]
[EventDate "1998.08.30"]

1.d4 Nf6 2.c4 e6 3.Nc3 Bb4 4.e3 c5 5.Bd3 Nc6 6.Ne2 cxd4 7.exd4 d5 8.cxd5 
Nxd5 9.O-O O-O 10.a3 Bd6 11.Ne4 Be7 12.N2c3 e5 1/2-1/2

[Event "III Festival A"]
[Site "Cesenatico ITA"]
[Date "1998.09.05"]
[Round "8"]
[White "Pozzi, Enrico"]
[Black "Collutiis, Duilio"]
[Result "1-0"]
[WhiteElo "2245"]
[BlackElo "2185"]
[PlyCount "67"]
[EventDate "1998.08.30"]

1.e4 c5 2.Nf3 Nc6 3.Bb5 g6 4.O-O Bg7 5.c3 e5 6.d3 Nge7 7.Nbd2 O-O 8.Re1 d6
9.h3 a6 10.Bxc6 Nxc6 11.a4 Rb8 12.Nc4 b5 13.axb5 axb5 14.Ne3 h6 15.Nd5 Be6
16.Ra6 Bxd5 17.exd5 Ne7 18.d4 cxd4 19.cxd4 Nxd5 20.dxe5 dxe5 21.Nxe5 Nb4 
22.Rd6 Qc7 23.Nd7 Rfe8 24.Bf4 Rbc8 25.Rde6 Qxf4 26.Rxe8+ Rxe8 27.Rxe8+ Kh7
28.Nf8+ Bxf8 29.Rxf8 Kg7 30.Rc8 Qe5 31.Qd8 Qe1+ 32.Kh2 g5 33.Qh8+ Kg6 34.
Rg8+ 1-0

[Event "III Festival A"]
[Site "Cesenatico ITA"]
[Date "1998.09.05"]
[Round "8"]
[White "Trumpf, Walter"]
[Black "Cadelli, Luciano"]
[Result "1-0"]
[WhiteElo "2150"]
[BlackElo "2125"]
[PlyCount "47"]
[EventDate "1998.08.30"]

1.d4 Nf6 2.Nc3 d5 3.e4 dxe4 4.f3 exf3 5.Nxf3 Bg4 6.h3 Bxf3 7.Qxf3 c6 8.Be3
e6 9.Bd3 Nbd7 10.O-O Be7 11.Rae1 O-O 12.Ne4 Nd5 13.c3 Nxe3 14.Qxe3 Qa5 15.
a3 Qc7 16.Ng3 Qa5 17.Rf3 Qg5 18.Qe2 Nf6 19.Ref1 Rad8 20.Nf5 Bd6 21.Nxg7 
Kxg7 22.Rxf6 Qxf6 23.Qh5 Rh8 24.Qg4+ 1-0

[Event "III Festival A"]
[Site "Cesenatico ITA"]
[Date "1998.09.05"]
[Round "8"]
[White "Yeuillaz, Corrado"]
[Black "Gaiba, Paolo"]
[Result "1/2-1/2"]
[WhiteElo "2235"]
[BlackElo "2090"]
[PlyCount "83"]
[EventDate "1998.08.30"]

1.e4 e5 2.Nf3 Nc6 3.Bb5 Bc5 4.O-O Nge7 5.c3 a6 6.Ba4 d6 7.d4 exd4 8.cxd4 
Ba7 9.d5 b5 10.dxc6 bxa4 11.Qxa4 Bg4 12.Nd4 O-O 13.Nc3 Bxd4 14.Qxd4 Nxc6 
15.Qd2 Qd7 16.b3 Rfe8 17.Bb2 f6 18.Rac1 Ra7 19.f3 Be6 20.Rfd1 Ne7 21.Ne2 
Rd8 22.Nf4 Bf7 23.Qc3 Qb5 24.Qe3 Rb7 25.Rd2 a5 26.Ne2 Qe8 27.Nc3 h6 28.Re1
Nc6 29.f4 Rbb8 30.Qg3 Ne7 31.Nd5 Bxd5 32.Bxf6 Qf7 33.Bxe7 Qxe7 34.Rxd5 a4 
35.e5 Qe6 36.Red1 axb3 37.axb3 Rf8 38.exd6 cxd6 39.h3 Rb4 40.R1d4 Rb6 41.
b4 Rxb4 42.Rxd6 1/2-1/2

[Event "III Festival A"]
[Site "Cesenatico ITA"]
[Date "1998.09.06"]
[Round "9"]
[White "Gaiba, Paolo"]
[Black "Ortega, Lexy"]
[Result "0-1"]
[WhiteElo "2090"]
[BlackElo "2490"]
[PlyCount "59"]
[EventDate "1998.08.30"]

1.e4 c5 2.d4 cxd4 3.c3 Nf6 4.e5 Nd5 5.Bc4 Qc7 6.Qe2 Nb6 7.Bd3 Nc6 8.Nf3 d5
9.h3 e6 10.O-O dxc3 11.Nxc3 a6 12.Bf4 Be7 13.Rac1 Bd7 14.a4 Qd8 15.Bb1 Rc8
16.Rfd1 Nb4 17.Nd4 Nxa4 18.Qg4 g6 19.Nxa4 Bxa4 20.Nxe6 Bxd1 21.Ng7+ Kf8 
22.Qxc8 Qxc8 23.Rxc8+ Kxg7 24.Bh6+ Kxh6 25.Rxh8 Nc6 26.Re8 Ba4 27.Ba2 d4 
28.Kf1 d3 29.b3 d2 30.Ke2 0-1

[Event "III Festival A"]
[Site "Cesenatico ITA"]
[Date "1998.09.06"]
[Round "9"]
[White "Maio, Matteo"]
[Black "Lava, Giovanni"]
[Result "0-1"]
[WhiteElo "1882"]
[BlackElo "2220"]
[PlyCount "48"]
[EventDate "1998.08.30"]

1.d4 Nf6 2.Nf3 g6 3.e3 Bg7 4.c4 O-O 5.Nc3 d5 6.Be2 dxc4 7.Bxc4 c5 8.O-O a6
9.a4 Qc7 10.Ne5 cxd4 11.exd4 Nc6 12.Nxc6 Qxc6 13.Qe2 Bf5 14.Be3 Rac8 15.b3
Be6 16.Bxe6 Qxe6 17.Qb2 Ng4 18.Rfe1 Qd6 19.h3 Qh2+ 20.Kf1 Nxe3+ 21.fxe3 e5
22.Nd5 exd4 23.exd4 Rcd8 24.Ne7+ Kh8 0-1

[Event "III Festival A"]
[Site "Cesenatico ITA"]
[Date "1998.09.06"]
[Round "9"]
[White "Naumkin, Igor"]
[Black "Kluss, Kai"]
[Result "1/2-1/2"]
[WhiteElo "2475"]
[BlackElo "2170"]
[PlyCount "91"]
[EventDate "1998.08.30"]

1.d4 Nf6 2.c4 e6 3.Nf3 Bb4+ 4.Bd2 Qe7 5.g3 Nc6 6.Nc3 Bxc3 7.Bxc3 Ne4 8.Rc1
O-O 9.Bg2 d6 10.d5 Nxc3 11.Rxc3 Nb8 12.dxe6 fxe6 13.O-O c6 14.Qd2 Na6 15.
Rd1 Nc5 16.Re3 Rd8 17.b4 Na6 18.a3 Nc7 19.Rd3 Ne8 20.e4 Bd7 21.c5 d5 22.e5
Nc7 23.h4 Be8 24.Nd4 a5 25.Bf3 axb4 26.axb4 Bg6 27.Rb3 h6 28.h5 Bh7 29.Be2
Rf8 30.Rdb1 Qf7 31.Bg4 Bf5 32.Rf3 Qe8 33.Bxf5 exf5 34.Nxf5 Qxh5 35.Ne7+ 
Kh8 36.g4 Qxg4+ 37.Rg3 Qh5 38.Ng6+ Kg8 39.Nxf8 Rxf8 40.Re1 Ne6 41.Ree3 Rf4
42.Rh3 Qf7 43.Ra3 Ng5 44.Ra8+ Kh7 45.Qc2+ Ne4 46.Rh2 1/2-1/2

[Event "III Festival A"]
[Site "Cesenatico ITA"]
[Date "1998.09.06"]
[Round "9"]
[White "Pozzi, Enrico"]
[Black "Drazic, Sinisa"]
[Result "0-1"]
[WhiteElo "2245"]
[BlackElo "2495"]
[PlyCount "24"]
[EventDate "1998.08.30"]

1.e4 Nf6 2.e5 Nd5 3.c4 Nb6 4.d4 d6 5.Nf3 c6 6.exd6 exd6 7.Bd3 Bg4 8.h3 Bh5
9.O-O Be7 10.Be3 N8d7 11.Nbd2 Bg6 12.Qc2 O-O 0-1

[Event "III Festival A"]
[Site "Cesenatico ITA"]
[Date "1998.09.06"]
[Round "9"]
[White "Rotstein, Arkadij"]
[Black "Yeuillaz, Corrado"]
[Result "1-0"]
[WhiteElo "2515"]
[BlackElo "2235"]
[PlyCount "55"]
[EventDate "1998.08.30"]

1.d4 d5 2.Nf3 Nf6 3.c4 e6 4.Nc3 Nbd7 5.Bg5 c6 6.e3 Be7 7.Rc1 O-O 8.a3 Re8 
9.Bd3 b6 10.cxd5 exd5 11.O-O h6 12.Bh4 Bb7 13.Qe2 Bd6 14.Ba6 Qc8 15.Bxb7 
Qxb7 16.Rfd1 Rac8 17.Qc2 Re6 18.Bg3 Bxg3 19.hxg3 Ree8 20.Ne1 Nf8 21.Nd3 
Ng6 22.b4 h5 23.b5 Ne4 24.Qb3 Nxc3 25.Rxc3 cxb5 26.Qxb5 h4 27.gxh4 Rcd8 
28.h5 1-0

[Event "XXV C.to Italiano femminile"]
[Site "Cesenatico ITA"]
[Date "1998.08.30"]
[Round "1"]
[White "Costantini, Laura"]
[Black "Barbiso, Tiziana"]
[Result "0-1"]
[WhiteElo "1540"]
[BlackElo "1846"]
[PlyCount "79"]
[EventDate "1998.08.30"]

1.e4 e6 2.d4 d5 3.Nc3 Bb4 4.e5 b6 5.Bd2 Bf8 6.f4 Ne7 7.Nf3 c5 8.Be3 Nf5 9.
Qd2 Ba6 10.Bxa6 Nxa6 11.g4 Nh4 12.Qf2 Nxf3+ 13.Qxf3 h5 14.O-O-O hxg4 15.
Qxg4 Qd7 16.Rdf1 g6 17.h4 Nb4 18.h5 Rxh5 19.Rxh5 gxh5 20.Qxh5 cxd4 21.Bxd4
Nxa2+ 22.Nxa2 Qa4 23.f5 Qxa2 24.Kd2 Bb4+ 25.Ke3 O-O-O 26.Qxf7 exf5 27.
Qxf5+ Kb8 28.e6 Qc4 29.Rh1 Bd2+ 30.Kxd2 Qxd4+ 31.Kc1 Re8 32.Rh7 Qe3+ 33.
Kb1 Qxe6 34.Qf4+ Qe5 35.Qf7 Qe1+ 36.Ka2 Qa5+ 37.Kb3 Re3+ 38.c3 Qb5+ 39.Ka2
Qa4+ 40.Kb1 0-1

[Event "XXV C.to Italiano femminile"]
[Site "Cesenatico ITA"]
[Date "1998.08.30"]
[Round "1"]
[White "Palmiero, Chiara"]
[Black "Agosto, Erika"]
[Result "0-1"]
[WhiteElo "1500"]
[BlackElo "2040"]
[PlyCount "100"]
[EventDate "1998.08.30"]

1.d4 d5 2.Nf3 Nf6 3.Bf4 Bf5 4.e3 c6 5.Be2 h6 6.h4 Qb6 7.Qc1 e6 8.O-O Be7 
9.Nbd2 Ne4 10.Nxe4 dxe4 11.Ne5 g5 12.hxg5 hxg5 13.Nc4 Qd8 14.Be5 f6 15.Bg3
Kf7 16.Nd2 Bd6 17.Bxd6 Qxd6 18.f3 Qh2+ 19.Kf2 Qh4+ 20.Kg1 Qh2+ 21.Kf2 Qh4+
22.g3 Qh2+ 23.Ke1 Qxg3+ 24.Kd1 Rh2 25.Nxe4 Bxe4 26.fxe4 Qg2 27.Qd2 Qxf1+ 
28.Bxf1 Rxd2+ 29.Kxd2 Nd7 30.Bh3 Rh8 31.Bg4 Rh4 32.Be2 Rh2 33.Rf1 Kg6 34.
c4 f5 35.d5 cxd5 36.exf5+ exf5 37.cxd5 Nc5 38.Rc1 Ne4+ 39.Kd3 Nd6 40.Re1 
Ne4 41.Rd1 Nf2+ 42.Kd2 Nxd1 43.Kxd1 Rh1+ 44.Kd2 g4 45.d6 Kf6 46.d7 Ke7 47.
Bd3 g3 48.Bxf5 g2 49.Be4 g1=Q 50.Bxh1 Qxh1 0-1

[Event "XXV C.to Italiano femminile"]
[Site "Cesenatico ITA"]
[Date "1998.08.30"]
[Round "1"]
[White "Parrino, Giuseppina"]
[Black "Ambrosi, Eleonora"]
[Result "1-0"]
[WhiteElo "1840"]
[BlackElo "1500"]
[PlyCount "94"]
[EventDate "1998.08.30"]

1.e4 e6 2.c3 d5 3.exd5 exd5 4.d4 Nf6 5.Nf3 Bg4 6.Be2 Bd6 7.Bg5 Nbd7 8.Nbd2
O-O 9.O-O h6 10.Bh4 Re8 11.Re1 c6 12.Nf1 Qc7 13.Bg3 Ne4 14.Bxd6 Qxd6 15.
Ne3 Be6 16.Bd3 Ndf6 17.Ne5 c5 18.Nf3 c4 19.Nxc4 dxc4 20.Bxe4 Bd5 21.Bxd5 
Nxd5 22.Rxe8+ Rxe8 23.Ne5 Qc7 24.Qa4 Rc8 25.Qxa7 Nb6 26.Qa5 Qd6 27.Qb5 Qc7
28.Re1 Ra8 29.Qc5 Qxc5 30.dxc5 Nd5 31.Nxc4 Rxa2 32.g3 Kf8 33.Nd6 Nf6 34.b4
Ra7 35.b5 g6 36.b6 Ra3 37.c4 Rc3 38.Rb1 Nd7 39.Nxb7 Rxc4 40.Rb5 Rc3 41.Kg2
Ke7 42.Nd6 Rxc5 43.Rxc5 Nxc5 44.b7 Nd7 45.Ne4 Ke6 46.Nc5+ Kd6 47.Nxd7 Kxd7
1-0

[Event "XXV C.to Italiano femminile"]
[Site "Cesenatico ITA"]
[Date "1998.08.31"]
[Round "2"]
[White "Agosto, Erika"]
[Black "Parrino, Giuseppina"]
[Result "0-1"]
[WhiteElo "2040"]
[BlackElo "1840"]
[PlyCount "68"]
[EventDate "1998.08.30"]

1.e4 d5 2.exd5 Qxd5 3.d4 Nc6 4.Be3 e5 5.Nc3 Bb4 6.a3 Bxc3+ 7.bxc3 Nf6 8.
Be2 Bf5 9.Bf3 Qc4 10.Ne2 e4 11.Ng3 Bg6 12.Be2 Qxc3+ 13.Bd2 Qxd4 14.O-O O-O
15.Qc1 Rad8 16.Bg5 Qc3 17.Bd1 Rd7 18.Ne2 Qc5 19.Be3 Qe5 20.Bf4 Qe6 21.Rb1 
b6 22.c3 e3 23.Rb2 exf2+ 24.Rxf2 Ne4 25.Rf1 Qc4 26.Bb3 Qc5+ 27.Be3 Qxa3 
28.Nf4 Ne5 29.Bd4 Nc6 30.Be3 Na5 31.Bd5 Nf6 32.Ba2 Re8 33.Nxg6 hxg6 34.Bg5
Qc5+ 0-1

[Event "XXV C.to Italiano femminile"]
[Site "Cesenatico ITA"]
[Date "1998.08.31"]
[Round "2"]
[White "Riegler, Alessandra"]
[Black "Cucoch, Marisa"]
[Result "1-0"]
[WhiteElo "2030"]
[BlackElo "1395"]
[PlyCount "103"]
[EventDate "1998.08.30"]

1.e4 Nf6 2.Nc3 d6 3.d4 g6 4.f4 c6 5.Nf3 Bg7 6.Bd3 O-O 7.O-O Re8 8.e5 dxe5 
9.fxe5 Nd5 10.Nxd5 cxd5 11.c3 Qb6 12.Qb3 Qxb3 13.axb3 a6 14.c4 dxc4 15.
bxc4 e6 16.Bd2 Nc6 17.Bc3 Bd7 18.Rfe1 Ne7 19.Be4 Bc6 20.Bxc6 Nxc6 21.d5 
exd5 22.cxd5 Na7 23.Ba5 Rac8 24.d6 Bf8 25.d7 Bc5+ 26.Kf1 Nc6 27.dxe8=Q+ 
Rxe8 28.Bc7 Bb4 29.Re2 a5 30.Rd1 Re7 31.Bb6 Kf8 32.Rd5 Ke8 33.Nd4 Rxe5 34.
Rexe5+ Nxe5 35.Rxe5+ Kd7 36.Bxa5 Kd6 37.Nf3 f6 38.Rb5 Bxa5 39.Rxa5 Kc6 40.
Ke2 b5 41.Nd4+ Kc5 42.Kd3 f5 43.Rxb5+ Kd6 44.b4 h5 45.Rb6+ Ke5 46.Rxg6 Kf4
47.Rf6 h4 48.Rxf5+ Kg4 49.h3+ Kg3 50.Rg5+ Kf2 51.b5 Kg1 52.b6 1-0

[Event "XXV C.to Italiano femminile"]
[Site "Cesenatico ITA"]
[Date "1998.08.31"]
[Round "2"]
[White "Sorrentino, Maria"]
[Black "Capuano, Francesca"]
[Result "1-0"]
[WhiteElo "1573"]
[BlackElo "1630"]
[PlyCount "53"]
[EventDate "1998.08.30"]

1.d4 d5 2.c4 e6 3.Nc3 Be7 4.e4 dxe4 5.Nxe4 Nf6 6.Nxf6+ Bxf6 7.Nf3 O-O 8.
Be2 Nc6 9.Be3 Ne7 10.O-O Nf5 11.Rb1 Nxe3 12.fxe3 c6 13.e4 Qc7 14.e5 Be7 
15.Qc2 f6 16.exf6 Bxf6 17.Rbd1 g6 18.Ne5 Bxe5 19.Rxf8+ Kxf8 20.dxe5 Qxe5 
21.Rd8+ Kg7 22.Qd2 Rb8 23.h3 Qc5+ 24.Kh1 Qe5 25.Bd3 b6 26.Qf2 Qf6 27.Rg8+ 
1-0

[Event "XXV C.to Italiano femminile"]
[Site "Cesenatico ITA"]
[Date "1998.09.01"]
[Round "3"]
[White "Capuano, Francesca"]
[Black "Palmiero, Chiara"]
[Result "1-0"]
[WhiteElo "1630"]
[BlackElo "1500"]
[PlyCount "74"]
[EventDate "1998.08.30"]

1.d4 d5 2.Nf3 Nf6 3.c4 e6 4.cxd5 exd5 5.Nc3 Bf5 6.Bg5 Be7 7.Qb3 b6 8.Bxf6 
Bxf6 9.Qxd5 Qxd5 10.Nxd5 Bd8 11.Nc3 O-O 12.e3 Nd7 13.Be2 Be7 14.O-O Rfd8 
15.Rac1 c5 16.Rfd1 Nf6 17.h3 Rac8 18.dxc5 Bxc5 19.Rxd8+ Rxd8 20.Rd1 Rxd1+ 
21.Bxd1 Kf8 22.Bb3 Ke7 23.Ne5 Be6 24.Nc6+ Kd6 25.Bxe6 Kxe6 26.Nxa7 Nd5 27.
Nab5 Nb4 28.Kf1 Ke5 29.Ke2 f5 30.a3 Nd5 31.Nxd5 Kxd5 32.b4 Be7 33.Kd3 Bf6 
34.Nc3+ Kc6 35.Kc4 h5 36.a4 Bd8 37.f3 f4 1-0